| 000 | 01072nmc a2200373 a 4500 | ||
|---|---|---|---|
| 003 | AR-BaBNM | ||
| 005 | 20251128205737.0 | ||
| 008 | 108019s1996 ||||||||||||||000 | spa|| | ||
| 020 | _a84-7738-370-7 | ||
| 040 | _cAR-BaBNM | ||
| 100 | 1 | _aRosich Sala, Nuria | |
| 245 | 1 | 0 | _aMatemáticas y deficiencia sensorial |
| 250 | _a1ª ed. | ||
| 260 |
_aMadrid _bSíntesis _c1996 |
||
| 300 |
_a318 p. _bil. |
||
| 490 | 0 |
_aEducación matemática en secundaria _vv. 26 |
|
| 504 | _aBibliografía p. 303-318 | ||
| 650 | 4 | _aENSENANZA DE LAS MATEMATICAS | |
| 650 | 4 | _aSORDOS | |
| 650 | 4 | _aCONCEPTOS GEOMETRICOS | |
| 650 | 4 | _aSOLUCION DE PROBLEMAS | |
| 650 | 4 | _aCOMUNICACION VERBAL | |
| 650 | 4 | _aALGEBRA | |
| 650 | 4 | _aEVALUACION ACUMULATIVA | |
| 650 | 4 | _aAPRENDIZAJE | |
| 653 | _aEDUCACION SECUNDARIA | ||
| 653 | _aDISCAPACIDAD AUDITIVA | ||
| 700 | 1 | _aNuñéz Espallargas, José María | |
| 700 | 1 | _aFernández del Campo Sánchez, José Enrique | |
| 800 | 1 | _aGuzmán, Miguel de | |
| 800 | 1 |
_aRico Romero, Luis _edirector |
|
| 942 | _cBK | ||
| 998 | _cCarmen | ||
| 999 |
_c12643 _d12643 |
||